Name The Athlete Of Each Sport By Image - Statistics

General Stats
  • This quiz has been taken 22 times
    14 since last reset
  • The average score is 9 of 44
Answer Stats
Picture Hint Answer % Correct
Ice Hockey Wayne Gretzky
83%
Football Ronaldo Luis Nazário de Lima
75%
Baseball Babe Ruth
58%
Basketball Nikola Jokić
50%
Tennis Andy Murray
42%
F1 Alain Prost
33%
Marathon Eliud Kipchoge
33%
Golf Jack Nicklaus
25%
American Football Jerry Rice
25%
Biathlon Johannes Bø
25%
Badminton Lee Chong Wei
25%
100 Metres Tyson Gay
25%
Wrestling Aleksandr Karelin
17%
Decathlon Daley Thompson
17%
Cycling Eddy Merckx
17%
MMA Fedor Emelianenko
17%
Diving Greg Louganis
17%
Swimming Ian Thorpe
17%
Javelin Throw Jan Železný
17%
Boxing Rocky Marciano
17%
Cricket Sachin Tendulkar
17%
Judo Yasuhiro Yamashita
17%
Modern Pentathlon András Balczó
8%
Rugby Antoine Dupont
8%
110 metres hurdles Aries Merritt
8%
Long Jump Bob Beamon
8%
Water Polo Dezso Gyarmati
8%
Fencing Edoardo Mangiarotti
8%
High Jump Javier Sotomayor
8%
Triple Jump Jonathan Edwards
8%
10,000 metres Joshua Cheptegei
8%
Volleyball Karch Kiraly
8%
Table Tennis Ma Long
8%
Triathlon Mark Allen
8%
Ski Jumping Matti Nykänen
8%
Discus Throw Mykolas Alekna
8%
Weightlifting Naim Süleymanoğlu
8%
Gymnastics Nikolai Andrianov
8%
Handball Nikola Karabatic
8%
Cross Country Cycling Nino Schurter
8%
Shot Put Ryan Crouser
8%
Pole Vault Sergey Bubka
8%
20 kilometres race walk Toshikazu Yamanishi
8%
Hammer Throw Yuriy Sedykh
8%
No matching quizzes found
Score Distribution
Percent of People with Each Score
Percentile by Number Answered
Your Score History
You have not taken this quiz since the last reset